000 00942nam a2200457Ia 4500
001 11463
003 22717
005 20241225063430.0
008 ||||||n9999 ||| || ||
041 _aspa
082 _219
_a860
100 _aPaez Escobar, Gustavo
_918774
245 0 _aCaminos
260 _aBogotá :
_bEditorial Quingraficas,
_c1982.
300 _a316p
562 _e1
650 0 _aAMÉRICA LATINA
_922
650 0 _aBiografías
_9493
650 _aLITERATURA
_919071
942 _cBKM
999 _c11463
_d11463
526 _a
526 _a17598
526 _a102617
526 _a102618
526 _a15794
526 _a102619
526 _a1703
526 _a102620
526 _a10406
526 _a105630
526 _a1698
526 _a116204
526 _a51868
526 _a4969
526 _a19790
526 _a104436
526 _a5144
526 _a1697
526 _a3899
526 _a9683